=LDR 00000nam 2200000 4500 =001 INLIS000000000003443 =005 20250312101708 =035 ##$$a 0010-0325000159 =007 ta =008 250312################g##########1#ind## =082 ##$$a 649.7 =084 ##$$a 649.7 DIR k =245 1#$$a Kurikulum Orientasi Bina Keluarga Balita Kelompok BKB Paripurna /$c BKKBN =260 ##$$a Jakarta :$b BKKBN,$c 2014 =300 ##$$a IV, 14 halm : $b - ; $c 21 cm =650 #4$$a Keluarga Berencana =110 #$$a Direktorat Bina Keluarga Balita dan Anak =520 ##$$a Berisikan penjelasan tentang orientasi bina keluarga balita kelompok BKB =856 ##$$a Perpustakaan UPT Balai Diklat KKB Jember